000 00394nam a2200145Ia 4500
008 231129s1976||||xx |||||||||||||| ||spa||
020 _a84-226-0800-6
040 _bspa
082 _a305.42 M634m
100 _aMiguel Armando De
245 0 _aEl miedo a la igualdad
260 _c1976
264 _aBarcelona; Cí­rculo de Lectores
942 _2ddc
_cBKS
999 _c11694
_d11694